| 000 | 01493cam a22003378a 4500 | ||
|---|---|---|---|
| 001 | 14268652 | ||
| 003 | OSt | ||
| 005 | 20180117085939.0 | ||
| 008 | 060216s2006 nyu b 001 0 eng | ||
| 010 | _a 2006005409 | ||
| 020 | _a9781841694207 (hardback : alk. paper) | ||
| 020 | _a1841694207 (hardback : alk. paper) | ||
| 040 |
_aDLC _cDLC _dDLC |
||
| 042 | _apcc | ||
| 050 | 0 | 0 |
_aBF697.5.S46 _bS47 2006 |
| 082 | 0 | 0 |
_a155.2 _222 |
| 245 | 0 | 0 |
_aSelf-esteem issues and answers : _ba sourcebook on current perspectives / _cedited by Michael H. Kernis. |
| 260 |
_aNew York : _bPsychology Press, _c2006. |
||
| 263 | _a0608 | ||
| 300 | _ap. cm. | ||
| 504 | _aIncludes bibliographical references and index. | ||
| 505 | 0 | _aGeneral introduction -- Conceptualizing and assessing self-esteem -- Development and determinants of self-esteem -- Self-esteem and psychological functioning -- Self-esteem in social context -- Future directions. | |
| 650 | 0 | _aSelf-esteem. | |
| 700 | 1 |
_aKernis, Michael Howard, _d1955- |
|
| 856 | 4 | 1 |
_3Table of contents only _uhttp://www.loc.gov/catdir/toc/ecip068/2006005409.html |
| 856 | 4 | 2 |
_3Publisher description _uhttp://www.loc.gov/catdir/enhancements/fy0653/2006005409-d.html |
| 906 |
_a7 _brix _corignew _d1 _eecip _f20 _gy-gencatlg |
||
| 942 |
_2ddc _cBK |
||
| 999 |
_c2380 _d2380 |
||